000 00891nam a2200229 a 4500
001 57164
003 BD-RjUL
005 20211209080456.0
008 161206s1922 ii ||||| |||| 00| 0 ben d
035 _a(BD-RjUL)57288
040 _aBD-RjUL
_bben
_cBD-RjUL
041 _aben
082 _223
_a297.122
_bQUR 1922
245 1 0 _aকোরআন-শরিফ আম-পারা :
_bবিস্তারিত টীকা, অনুবাদ ও ভাবার্থ সম্বলিত /
250 _a৪র্থ সং.
260 _aকলিকাতা :
_bমোহাম্মদ বুক এজেন্সী,
_c১৯২২
300 _a১৯৬ পৃ. ;
_c২৬ সেমি.
650 _aকোরআন
_9169792
650 _aQuran
_9169793
700 _aখাঁ, মোহাম্মদ আকরম, অনুবাদ
_9169794
942 _2ddc
_cBK
999 _c57164
_d57164